| 000 | 00484pab a2200169 454500 | ||
|---|---|---|---|
| 008 | 180718b2010 xxu||||| |||| 00| 0 eng d | ||
| 100 | _aKar, Jyotimoyee | ||
| 245 | _aInstitutional credit, transaction cost and informal sector: A case study of Indian villages | ||
| 260 | _c2010 | ||
| 300 | _ap.397-408. | ||
| 362 | _aApr-Jun | ||
| 650 | _aRural development - India | ||
| 650 | _aInformal sector | ||
| 773 | _aIndian Journal of Labour Economics | ||
| 908 | _aN | ||
| 909 | _a90293 | ||
| 999 |
_c90293 _d90293 |
||